000 01112nam a2200325 i 4500
005 20260406114159.0
008 260330t20252019my gr 000 f may d
020 _a9786299819950
_cRM35.00
_qpaperback
040 _aPPAK
_beng
_cPPAK
_erda
041 1 _amay
_hind
082 0 4 _223
_a899.2213
090 0 0 _a899.2213
_bVIE
_dG
100 0 _aVie Asano,
_eauthor.
245 1 0 _aSIMPULAN MAUT /
_cVie Asano ; Terjemahan: Nuraina Akmal ; Suntingan: Azreen Hisham
246 3 3 _aSuicide knot
264 1 _aCheras, Selangor :
_bKATA-KATA,
_c[2025?]
264 4 _c©2019
300 _av, 345 pages ;
_c20 cm
336 _atext
_2rdacontent
337 _aunmediated
_2rdamedia
338 _avolume
_2rdacarrier
500 _aOriginally published in Indonesia in 2019 by Noura Books, Jakarta Selatan Indonesia as Suicide Knot.
650 1 0 _aIndonesian fiction
650 2 0 _aIndonesian fiction
_vTranslations into Malay
650 2 0 _aMystery fiction
650 2 0 _aThriller
700 0 _aNuraina Akmal,
_eillustrator.
700 0 _aAzreen Hisham,
_eeditor.
942 _2ddc
_cB
999 _c203595
_d203595